| 000 | 00357cam a2200145ua 4500 | ||
|---|---|---|---|
| 041 |
_aeng _h |
||
| 082 |
_a823.308 _bHEM/OL |
||
| 100 | _aHemingway, Ernest . | ||
| 245 |
_aOld man and the sea / _cErnest Hemingway. _hTextual Documents |
||
| 260 |
_aLondon : _bJonathan cape , _c1963. |
||
| 300 | _a127 ; . | ||
| 504 | _a | ||
| 942 | _cBK | ||
| 999 |
_c664 _d664 |
||